<?xml version="1.0" encoding="UTF-8"?>
<record
    xmlns:xsi="http://www.w3.org/2001/XMLSchema-instance"
    xsi:schemaLocation="http://www.loc.gov/MARC21/slim http://www.loc.gov/standards/marcxml/schema/MARC21slim.xsd"
    xmlns="http://www.loc.gov/MARC21/slim">

  <leader>01937    a2200205   4500</leader>
  <controlfield tag="001">39532</controlfield>
  <controlfield tag="005">20260407155653.0</controlfield>
  <controlfield tag="008">260407a1960    arg                 spa d</controlfield>
  <controlfield tag="003">AR-UNSa-BCEJYS</controlfield>
  <datafield tag="040" ind1=" " ind2=" ">
    <subfield code="a">AR-UNSa-BCEJYS</subfield>
    <subfield code="b">spa</subfield>
    <subfield code="c">AR-UNSa-BCEJYS</subfield>
  </datafield>
  <datafield tag="080" ind1=" " ind2=" ">
    <subfield code="a">659</subfield>
    <subfield code="x">Publicidad y propaganda. Informaci&#xF3;n Relaciones p&#xFA;blicas
</subfield>
  </datafield>
  <datafield tag="245" ind1="1" ind2="0">
    <subfield code="a">Relaciones p&#xFA;blicas</subfield>
    <subfield code="p">principios, casos y problemas</subfield>
  </datafield>
  <datafield tag="264" ind1=" " ind2="1">
    <subfield code="a">Buenos Aires :</subfield>
    <subfield code="b">Mundi</subfield>
    <subfield code="c">1960</subfield>
  </datafield>
  <datafield tag="300" ind1=" " ind2=" ">
    <subfield code="a">457 p.</subfield>
    <subfield code="c">27 cm.</subfield>
  </datafield>
  <datafield tag="505" ind1=" " ind2=" ">
    <subfield code="a">Parte I. El cambio de las relaciones p&#xFA;blicas : 1. Concepto de las relaciones p&#xFA;blicas - 2. De la opini&#xF3;n p&#xFA;blica - 3. Organizaci&#xF3;n de las relaciones p&#xFA;blicas - Parte II: Sectores de p&#xFA;blico : 4. Relaciones con el personal - 5. Relaciones con los accionistas - 6. Relaciones cn los consumidores - 7. Relaciones con la comunidad - 8. Relaciones con los distribuidores y comerciantes minoristas - 9. Relaciones con los proveedores - 10. Relaciones educacionales - 11. Relaciones con el gobierno - Parte III: Relaciones p&#xFA;blicas de las asociaciones civiles, organizaciones de servicio social de las fuerzas armadas y de otras instituciones : 12. Relacones p&#xFA;blicas de las organizaciones de servicio social - 13. Rlaciones de las asociaciones mercantiles y profesionales - 14. Relaciones p&#xFA;blicas de las fuerzas armadas - Parte IV : Relaciones p&#xFA;blicas internacionales : 15. Relaciones p&#xFA;blicas internacionales : 15. Relaciones p&#xFA;blicas internacionales - Parte V : Instrumentos y evaluac&#xF3;n de las relaciones p&#xFA;blicas - 17. Relaciones con la prensa y divulagi&#xF3;n informativa - 18. Publicidad de relaciones p&#xFA;blicas - 19. Per&#xED;odicos de relaciones p&#xFA;blicas - 20. Pel&#xED;culas de relaciones p&#xFA;blicas - 21. Acontecimientos especiales de relaciones p&#xFA;blicas - 22. La comunicaci&#xF3;n oral en las relaciones p&#xFA;blicas.</subfield>
  </datafield>
  <datafield tag="942" ind1=" " ind2=" ">
    <subfield code="c">BK</subfield>
  </datafield>
  <datafield tag="590" ind1=" " ind2=" ">
    <subfield code="a">niveau_biblio:m niveau_hierar:0</subfield>
  </datafield>
  <datafield tag="100" ind1="1" ind2=" ">
    <subfield code="a">Canfield, Bertrand R.</subfield>
  </datafield>
  <datafield tag="700" ind1="1" ind2=" ">
    <subfield code="a">Mazzone, Alfredo E.</subfield>
  </datafield>
  <datafield tag="999" ind1=" " ind2=" ">
    <subfield code="c">3060</subfield>
    <subfield code="d">3060</subfield>
  </datafield>
  <datafield tag="952" ind1=" " ind2=" ">
    <subfield code="0">0</subfield>
    <subfield code="1">0</subfield>
    <subfield code="4">0</subfield>
    <subfield code="7">0</subfield>
    <subfield code="a">BCEJYS</subfield>
    <subfield code="b">BCEJYS</subfield>
    <subfield code="c">16</subfield>
    <subfield code="d">2026-04-07</subfield>
    <subfield code="l">0</subfield>
    <subfield code="o">659 C222</subfield>
    <subfield code="p">L12842</subfield>
    <subfield code="r">2026-04-07 15:56:53</subfield>
    <subfield code="w">2026-04-07</subfield>
    <subfield code="y">L</subfield>
  </datafield>
</record>
